[Event "Chigorin Memorial"]
[Site "St Petersburg RUS"]
[Date "2012.10.27"]
[Round "1.169"]
[White "Valli,F"]
[Black "Pankova,Julia"]
[Result "1-0"]
[WhiteElo "2240"]
[BlackElo "1528"]

1.e4 c5 2.Nf3 d6 3.Bb5+ Bd7 4.Bxd7+ Qxd7 5.O-O Nc6 6.c3 Nf6 7.Qe2 e6 8.d4 cxd4
9.cxd4 Be7 10.Nc3 O-O 11.Bg5 Rad8 12.Rad1 Ne8 13.Bc1 Nc7 14.Rd3 f5 15.exf5 Rxf5
16.Rfd1 Qe8 17.Ne4 Qg6 18.Rb3 Rb8 19.Ng3 Rd5 20.Be3 Bf6 21.Rc1 Qe8 22.Ne4 Be7
23.Bf4 Qd7 24.Rd3 Rf8 25.Bg3 Bf6 26.Nxf6+ Rxf6 27.a3 Nb5 28.Rcd1 Nc7 29.Ne1 Na5
30.Rc3 Nb5 31.Rcd3 Nc7 32.Nc2 Nc4 33.Ne3 Nxe3 34.fxe3 Rb5 35.e4 Ne8 36.Rc3 Rb6
37.Rdc1 Qb5 38.Qxb5 Rxb5 39.Rc8 Kf7 40.R1c2 h5 41.Rd8 e5 42.d5 g5 43.b4 a5
44.Rcc8 h4 45.Be1 Ng7 46.Rf8+ Kg6 47.Rxf6+ Kxf6 48.a4 Rb6 49.b5 Nh5 50.Bxa5 g4
51.Bxb6 Kg5 52.Be3+ Kg6 53.a5 Kf6 54.a6 bxa6 55.bxa6 Kg6 56.a7  1-0

[Event "Chigorin Memorial"]
[Site "St Petersburg RUS"]
[Date "2012.10.27"]
[Round "1.78"]
[White "Rudakov,A"]
[Black "Can,E"]
[Result "0-1"]
[WhiteElo "2060"]
[BlackElo "2449"]

1.e4 c5 2.Nf3 d6 3.Bb5+ Bd7 4.Bxd7+ Qxd7 5.O-O Nf6 6.Re1 Nc6 7.c4 g6 8.d4 cxd4
9.Nxd4 Bg7 10.f3 Nxd4 11.Qxd4 O-O 12.Qd3 Qc6 13.Nc3 Nd7 14.Nd5 Rfe8 15.Bg5 Ne5
16.Qe2 f6 17.Bh4 Rac8 18.b3 a6 19.a4 g5 20.Bf2 e6 21.Nb4 Qc7 22.Red1 Bf8
23.Nd3 Ng6 24.Qd2 Qg7 25.Bd4 Be7 26.Rac1 Qf8 27.Qf2 f5 28.c5 fxe4 29.fxe4 Qxf2+
30.Bxf2 dxc5 31.Bxc5 Nf4 32.Bxe7 Ne2+ 33.Kf2 Nxc1 34.Bxg5 Rc2+ 35.Kg3 Nxd3
36.Rxd3 Rec8 37.Bd2 Kf7 38.Kf4 Ke8 39.Ke5 Rd8 40.Rxd8+ Kxd8 41.Bg5+ Kd7 42.h4 Rxg2
43.Kd4 Kd6 44.b4 e5+ 45.Kc4 Rc2+ 46.Kd3 Ra2 47.a5 Kc6 48.Kc3 Ra3+  0-1

[Event "16th Corsica Masters KO"]
[Site "Bastia FRA"]
[Date "2012.10.28"]
[Round "1.1"]
[White "Vachier Lagrave,M"]
[Black "Massoni,M"]
[Result "1-0"]
[WhiteElo "2705"]
[BlackElo "2381"]

1.e4 c5 2.Nf3 d6 3.Bb5+ Bd7 4.Bxd7+ Qxd7 5.c4 Nf6 6.Nc3 Nc6 7.O-O g6 8.d4 cxd4
9.Nxd4 Bg7 10.Nde2 O-O 11.f3 Rac8 12.Be3 Rfe8 13.Qd2 Qc7 14.Rfc1 Ne5 15.b3 a6
16.Nd5 Nxd5 17.cxd5 Qd7 18.Bd4 e6 19.Nc3 b5 20.Rd1 Red8 21.dxe6 fxe6 22.Rac1 Nc6
23.Bb6 Re8 24.Be3 Ne5 25.Ne2 d5 26.Rxc8 Rxc8 27.exd5 exd5 28.Qxd5+ Qxd5 29.Rxd5 Nc6
30.Kf2 Nb4 31.Rd2 Rc7 32.Nf4 Bc3 33.Rd8+ Kf7 34.a3 Nc2 35.Nd5 Rb7 36.Nxc3  1-0

[Event "TCh-CZE Div1 Zapad 2012-13"]
[Site "Czech Republic CZE"]
[Date "2012.10.28"]
[Round "1.1"]
[White "Vokac,M"]
[Black "Navara,D"]
[Result "1/2-1/2"]
[WhiteElo "2471"]
[BlackElo "2722"]

1.e4 c5 2.Nf3 d6 3.Bb5+ Nc6 4.O-O Bd7 5.Re1 Nf6 6.c3 a6 7.Ba4 e5 8.d4 b5
9.Bb3 Be7 10.h3 O-O 11.Nbd2 Qc7 12.Nf1 Na5 13.Bg5 Nxb3 14.axb3 exd4 15.cxd4 h6
16.Bh4 Bc6 17.d5 Bb7 18.Ng3 Rae8 19.Nf5 Bd8 20.Qc2 Bc8 21.g4 h5 22.Bg3 hxg4
23.hxg4 Be7 24.Kg2 Nxg4 25.e5 dxe5 26.Nxe5 Qd8 27.Rad1 Nxe5 28.Rxe5 Bxf5
29.Qxf5 g6 30.Qh3 Kg7 31.d6 Qa8+ 32.Kg1 Bf6 33.Rxe8 Qxe8 34.Qg4 Rh8 35.d7 Qa8
36.f3 Bd4+ 37.Rxd4 cxd4 38.Be5+ f6 39.Qe6 Qf8 40.Bc7 Qc5 41.d8=Q d3+ 42.Kg2 Qc2+
43.Kg1 Qc1+ 44.Kf2 Qxb2+ 45.Kg1 Qc1+ 46.Kf2 Qc2+ 47.Kg1 Qc5+ 48.Kg2 Qg5+
49.Bg3 Qd2+ 50.Bf2 Rh2+ 51.Kxh2 Qxf2+ 52.Kh1  1/2-1/2

[Event "7th Kavalier Open"]
[Site "Vienna AUT"]
[Date "2012.10.28"]
[Round "3.12"]
[White "Somasundram,J"]
[Black "Vrtiakova,Anna"]
[Result "1-0"]
[WhiteElo "1956"]
[BlackElo "1699"]

1.e4 c5 2.Nf3 d6 3.Bb5+ Bd7 4.Bxd7+ Qxd7 5.c4 Nf6 6.Nc3 e6 7.d4 cxd4 8.Nxd4 Nc6
9.O-O Be7 10.b3 O-O 11.Ba3 Rfd8 12.Qd2 a6 13.Bb2 Rac8 14.Rad1 Qc7 15.Qe2 Nxd4
16.Rxd4 e5 17.Nd5 Nxd5 18.Rxd5 f6 19.Rfd1 a5 20.a4 b6 21.Ba3 Rd7 22.c5 Rcd8
23.Qc4 Bf8 24.cxb6 Qxc4 25.bxc4 Rb7 26.Bxd6 Bxd6 27.Rxd6 Rxd6 28.Rxd6 Kf7
29.c5 Ke7 30.Kf1 Rb8 31.Ke2 Rc8 32.Rd5 Rb8 33.Kd3 Ke6 34.Kc4 g6 35.Kb5 f5
36.f3 fxe4 37.fxe4 Rf8 38.b7 Rf1 39.Kxa5 Rb1 40.c6  1-0

[Event "ITT La Razon 2012"]
[Site "Villa Martelli ARG"]
[Date "2012.10.28"]
[Round "6.1"]
[White "Estrada Nieto,J"]
[Black "Fusco,L"]
[Result "1/2-1/2"]
[WhiteElo "2310"]
[BlackElo "2379"]

1.e4 c5 2.Nf3 d6 3.Bb5+ Nd7 4.c3 Nf6 5.Qe2 a6 6.Ba4 Qc7 7.O-O c4 8.d4 cxd3
9.Qxd3 b5 10.Bc2 Bb7 11.Qe2 e6 12.a4 bxa4 13.Rxa4 Be7 14.Bg5 h6 15.Bxf6 Bxf6
16.Nbd2 O-O 17.Rd1 Rfd8 18.Nb3 Nb6 19.Raa1 Nc4 20.Bd3 Rac8 21.Ra4  1/2-1/2

[Event "16th OIBM 2012"]
[Site "Bad Wiessee GER"]
[Date "2012.10.29"]
[Round "3.28"]
[White "Singer,C"]
[Black "Martin Fernandez,R"]
[Result "1-0"]
[WhiteElo "2325"]
[BlackElo "2131"]

1.e4 c5 2.Nf3 d6 3.Bb5+ Bd7 4.Bxd7+ Qxd7 5.O-O Nc6 6.c3 Nf6 7.Re1 e6 8.d4 cxd4
9.cxd4 d5 10.e5 Ne4 11.Nbd2 Nxd2 12.Bxd2 Be7 13.Rc1 O-O 14.a3 Rfc8 15.Rc3 Nd8
16.Rce3 Rc7 17.h4 Rac8 18.Ng5 h6 19.Nh3 Qb5 20.Qg4 h5 21.Qxh5 Qxb2 22.Rd3 Rc2
23.Rd1 R2c4 24.Bg5 Bxg5 25.Nxg5 Rc3 26.Qh7+ Kf8 27.Rxc3 Rxc3 28.Qh8+ Ke7
29.Qxg7 Qe2 30.Rb1 b6 31.Nh7 Kd7 32.Nf6+ Kc8 33.Ne8 Qe4 34.Nd6+  1-0

[Event "16th OIBM 2012"]
[Site "Bad Wiessee GER"]
[Date "2012.10.30"]
[Round "4.11"]
[White "Chernyshov,K"]
[Black "Heimrath,R"]
[Result "1-0"]
[WhiteElo "2532"]
[BlackElo "2226"]

1.Nf3 c5 2.e4 d6 3.Bb5+ Bd7 4.a4 Nf6 5.Nc3 Nc6 6.O-O e6 7.d3 a6 8.Bxc6 Bxc6
9.a5 Qc7 10.Bf4 Nd7 11.Nd2 Be7 12.Nc4 Rd8 13.Bg3 O-O 14.Qe2 Bb5 15.Ne3 Nb8
16.f4 Nc6 17.f5 Bg5 18.Bf4 Bf6 19.Kh1 Nd4 20.Qd2 Bc6 21.Ng4 Kh8 22.Nxf6 gxf6
23.Bg3 Kg7 24.Bh4 exf5 25.Ne2 Bd7 26.Nf4 h6 27.Qf2 Kh7 28.Nd5 Qc8 29.c3 Nc6
30.Nxf6+ Kh8 31.Qf4 Kg7 32.Qg3+ Kh8 33.Nxd7 Rg8 34.Qf4  1-0

[Event "e2e4 Basingstoke Int Open"]
[Site "Basingstoke ENG"]
[Date "2012.10.30"]
[Round "6.9"]
[White "Lyell,M"]
[Black "Holland,J"]
[Result "1/2-1/2"]
[WhiteElo "2219"]
[BlackElo "2251"]

1.e4 c5 2.Nf3 d6 3.Bb5+ Bd7 4.Bxd7+ Qxd7 5.O-O Nc6 6.Qe2 Nf6 7.Rd1 g6 8.c3 Bg7
9.d4 cxd4 10.cxd4 O-O 11.d5 Ne5 12.Nxe5 dxe5 13.b3 Ne8 14.Bb2 Nd6 15.Nd2 Rfc8
16.Rac1 b5 17.Qe3 f6 18.Ba3 h5 19.Bxd6 exd6 20.Nf1 Kh7 21.Qd3 Rab8 22.Rc6 Rb6
23.Rxc8 Qxc8 24.Rd2 Qd7 25.Rc2 Bh6 26.Qf3 Kg7 27.Qc3 Kf7 28.a4 bxa4 29.bxa4 Rb7
30.a5 Rb5 31.Qa3 f5 32.f3 a6 33.g3 Qd8 34.Rc6 Rxa5 35.Qxd6 Qxd6 36.Rxd6 fxe4
37.fxe4 Ra2 38.Re6 Bf8 39.h3 Bc5+ 40.Kh1 Bd4 41.Nh2 Ra1+ 42.Kg2 Ra2+ 43.Kh1 Ra1+
44.Kg2 Rg1+ 45.Kf3 a5 46.h4 a4 47.Ra6 Ra1 48.Kg2 a3 49.Nf3 Bc3 50.Ra7+ Ke8
51.d6 a2 52.Ng5 Rg1+ 53.Kh2 Ba5 54.Ne6 Rh1+ 55.Kg2 Rg1+ 56.Kh2 Rh1+ 57.Kg2 Rg1+
58.Kh2 Rh1+ 59.Kg2 Rb1 60.Kh2 Ra1 61.Kg2 Bc3 62.Ng5  1/2-1/2

[Event "Chigorin Memorial"]
[Site "St Petersburg RUS"]
[Date "2012.10.30"]
[Round "4.157"]
[White "Boytsov,Alexander"]
[Black "Shuvalov,Arvind"]
[Result "1-0"]
[WhiteElo "1945"]
[BlackElo "1789"]

1.e4 c5 2.Nf3 d6 3.Bb5+ Bd7 4.Bxd7+ Qxd7 5.O-O Nf6 6.Re1 Nc6 7.b3 e6 8.Bb2 Be7
9.c3 O-O 10.d4 cxd4 11.cxd4 d5 12.Ne5 Qd8 13.exd5 Nxd5 14.Nxc6 bxc6 15.Nd2 c5
16.dxc5 Bxc5 17.Ne4 Bb4 18.Qg4 g6 19.Nf6+ Nxf6 20.Qxb4 Nd7 21.Rad1 Qc8 22.Qd4 e5
23.Qxd7 Qxd7 24.Rxd7 f6 25.g3 Rfc8 26.Re2 Rc6 27.Red2 Rac8 28.Rxa7 Rc2 29.Rad7 Rxd2
30.Rxd2 Kf7 31.f3 Ke6 32.Kf2 f5 33.Re2 Rc5 34.Rxe5+ Rxe5 35.Bxe5  1-0

[Event "Chigorin Memorial"]
[Site "St Petersburg RUS"]
[Date "2012.10.30"]
[Round "4.113"]
[White "Drachev,Oleg"]
[Black "Voronenkov,S"]
[Result "0-1"]
[WhiteElo "2220"]
[BlackElo "2020"]

1.e4 c5 2.Nf3 d6 3.Bb5+ Bd7 4.Bxd7+ Qxd7 5.c4 Nf6 6.Nc3 Nc6 7.d4 cxd4 8.Nxd4 g6
9.f3 Bg7 10.Nce2 O-O 11.b3 a6 12.Bb2 Rfc8 13.O-O b5 14.cxb5 Nxd4 15.Nxd4 axb5
16.Qd3 b4 17.Rfc1 Qa7 18.Rxc8+ Rxc8 19.Kh1 Nd7 20.Qd2 Qb6 21.h3 Rc5 22.Re1 Ra5
23.Ra1 d5 24.Ne2 Bxb2 25.Qxb2 dxe4 26.fxe4 Qf2 27.Qd4 Qxe2 28.Qxd7 Rg5 29.Qd8+ Kg7
30.Qd4+ e5 31.Qg1 Qxe4 32.a4 bxa3 33.Rxa3 Rg3 34.Kh2 Qb4 35.Qa1 Rc3 36.Ra4 Qxb3
37.Ra5 Qb4 38.Ra4 Qc5 39.Qf1 Qe3 40.Ra1 h5 41.Ra6 Qg3+ 42.Kh1 Qg5 43.Kh2 Re3
44.Kh1 Qh4 45.Ra1 Qe4 46.Kh2 Qf4+ 47.Qxf4 exf4 48.Kg1 Re2 49.Kf1 Rb2 50.Kg1 g5
51.Ra5 Kg6 52.Ra6+ f6 53.Ra4 Rd2 54.Rb4 Kf5 55.Rb5+ Ke4 56.Rb4+ Ke5 57.Rb8 f3
58.gxf3 Kf4 59.Rb4+ Kg3 60.Kf1 Rf2+  0-1

[Event "Chigorin Memorial"]
[Site "St Petersburg RUS"]
[Date "2012.10.30"]
[Round "4.4"]
[White "Hovhannisyan,R"]
[Black "Popilski,G"]
[Result "1-0"]
[WhiteElo "2610"]
[BlackElo "2475"]

1.e4 c5 2.Nf3 d6 3.Bb5+ Bd7 4.Bxd7+ Qxd7 5.O-O Nf6 6.e5 dxe5 7.Nxe5 Qc8 8.Qf3 e6
9.Nc3 Be7 10.d3 O-O 11.Bf4 Rd8 12.a4 Na6 13.Rfe1 Nb4 14.Re2 Nfd5 15.Nxd5 Nxd5
16.Re4 f6 17.Nc4 Nb4 18.Qd1 Nc6 19.Bd2 Rd4 20.Bc3 Rxe4 21.dxe4 Qe8 22.Qg4 Qf7
23.Rd1 Rd8 24.Rxd8+ Bxd8 25.h4 Bc7 26.h5 Kf8 27.g3 h6 28.Kg2 Qd7 29.b3 b6
30.Qe2 Nd8 31.Nd2 Nf7 32.Nf3 Qc6 33.Qd3 a6 34.Nh4 b5 35.axb5 axb5 36.f3 Ke8
37.Ng6 c4 38.bxc4 Qxc4 39.Qxc4 bxc4 40.Kf2 Nd6 41.Bd4 Nb5 42.Bc5 Be5 43.Nxe5 fxe5
44.Ke3 Kf7 45.Bb6 Na3 46.Kd2 Nb1+ 47.Kc1 Nc3 48.Bc7 Kf6 49.Kb2 Nb5 50.Bb8 Nd4
51.f4 exf4 52.gxf4 Nb5 53.Be5+ Kf7 54.f5 exf5 55.exf5 Na7 56.Kc3 Nc6 57.Bd6 Kf6
58.Kxc4 Kxf5 59.Kd5 Nd8 60.c4 Nb7 61.Bc7  1-0

[Event "72nd ch-ITA 2012"]
[Site "Torino ITA"]
[Date "2012.10.30"]
[Round "1"]
[White "Rombaldoni,Ax"]
[Black "De Filomeno,S"]
[Result "1-0"]
[WhiteElo "2446"]
[BlackElo "2356"]

1.e4 c5 2.Nf3 d6 3.Bb5+ Bd7 4.Bxd7+ Qxd7 5.c4 Nc6 6.O-O g6 7.d4 cxd4 8.Nxd4 Bg7
9.Nc2 Nf6 10.Nc3 O-O 11.Qe2 a6 12.Bd2 e6 13.Rad1 Qc7 14.b3 Nd7 15.Rc1 Rfc8
16.Rfd1 Na5 17.Qe1 Nc5 18.Bf4 Ncxb3 19.axb3 Nxb3 20.Ne3 Nxc1 21.Rxc1 Be5
22.Bg3 b5 23.Qd2 Bxg3 24.hxg3 b4 25.Na4 Rab8 26.Ng4 h5 27.Nf6+ Kg7 28.Qb2 e5
29.Nd5 Qa7 30.c5 b3 31.c6 Rb5 32.Qa3 Qd4 33.Qxd6 b2 34.Nxb2 Rxb2 35.Qf6+ Kh6
36.Ne7 Rxf2 37.Qxf2 Rc7 38.Qxd4  1-0

[Event "4th Marcel Duchamp Premier"]
[Site "Buenos Aires ARG"]
[Date "2012.10.31"]
[Round "9"]
[White "Espinoza Palomino,W"]
[Black "Perez,Max"]
[Result "1-0"]
[WhiteElo "2265"]
[BlackElo "2264"]

1.e4 c5 2.Nf3 d6 3.Bb5+ Nd7 4.c3 Nf6 5.Qe2 a6 6.Ba4 b5 7.Bc2 c4 8.a4 Bb7
9.axb5 axb5 10.Rxa8 Qxa8 11.Na3 Bxe4 12.Nxb5 Qb7 13.Ng5 Qxb5 14.Nxe4 Nxe4
15.Bxe4 d5 16.Bc2 e6 17.d4 Be7 18.O-O O-O 19.f4 Re8 20.Kh1 Nf8 21.g4 f6 22.Qg2 Bd8
23.Bd1 Qc6 24.Bf3 Ng6 25.Qh3 e5 26.dxe5 fxe5 27.fxe5 Nxe5 28.Bg2 Bb6 29.Re1 Qd7
30.Qh5 Nf7 31.Rf1 g6 32.Qxd5 Qc7 33.Bf4 Qe7 34.Bd6 Qd7 35.Qxc4 Kg7 36.Bc6 Qxd6
37.Qxf7+ Kh6 38.Bxe8  1-0

[Event "Trophee Karpov Preliminary 2012"]
[Site "Cap d'Agde FRA"]
[Date "2012.10.31"]
[Round "11"]
[White "Edouard,R"]
[Black "Ju Wenjun"]
[Result "1/2-1/2"]
[WhiteElo "2664"]
[BlackElo "2498"]

1.e4 c5 2.Nf3 d6 3.Bb5+ Bd7 4.Bxd7+ Qxd7 5.O-O Nf6 6.Qe2 Nc6 7.Rd1 e6 8.d4 cxd4
9.Nxd4 Be7 10.c4 O-O 11.Nc3 Nxd4 12.Rxd4 Qc6 13.b3 a6 14.Bb2 Rac8 15.Rad1 Rfd8
16.Kh1 Rb8 17.f4 b5 18.e5 Ne8 19.cxb5 axb5 20.exd6 Rxd6 21.Rxd6 Bxd6 22.Qd2 Be7
23.Re1 Nf6 24.f5 Rd8 25.Qe2 b4 26.Na4 Ne4 27.fxe6 Qxe6 28.Kg1 f5 29.Rd1 Rc8
30.Qb5 Nc3 31.Nxc3 bxc3 32.Bc1 c2 33.Rf1 h6 34.Qd3 Bg5 35.Bxg5 hxg5 36.Rc1 Qb6+
37.Kf1 Qc5 38.Qc4+ Qxc4+ 39.bxc4 Rxc4 40.Ke2 Kf7 41.Kd3 Ra4 42.Rxc2 Kf6 43.Rc6+  1/2-1/2

[Event "Chigorin Memorial"]
[Site "St Petersburg RUS"]
[Date "2012.10.31"]
[Round "5.64"]
[White "Aminov,Andrey"]
[Black "Tseitlin,Ma"]
[Result "1/2-1/2"]
[WhiteElo "2147"]
[BlackElo "2390"]

1.e4 c5 2.Nf3 d6 3.Bb5+ Nd7 4.d4 Nf6 5.O-O cxd4 6.Qxd4 e5 7.Qd3 a6 8.Bxd7+ Bxd7
9.Bg5 h6 10.Bxf6 Qxf6 11.Nc3 Bc6 12.Nd5 Qd8 13.Rad1 Bxd5 14.Qxd5 Qc7 15.Rd3 Qc6
16.Qxc6+ bxc6 17.c4 Be7 18.Rfd1 O-O 19.c5 dxc5 20.Nxe5 Rfe8 21.Nxc6 Bf6 22.e5 Bxe5
23.Nxe5 Rxe5 24.Rd8+ Rxd8 25.Rxd8+ Kh7 26.Kf1 c4 27.Rd2 Ra5 28.a3 c3 29.bxc3 Rxa3
30.Rc2 Kg8 31.Ke2 Kf8 32.Kd3 Ke7 33.Rb2 a5 34.Rb7+ Ke6 35.Rb6+ Kd5 36.Rb7 Ke6
37.Rb6+ Kd5 38.Rb7 Ke6 39.Rb6+  1/2-1/2

[Event "Trophee Karpov Preliminary 2012"]
[Site "Cap d'Agde FRA"]
[Date "2012.11.01"]
[Round "13"]
[White "Edouard,R"]
[Black "Sebag,M"]
[Result "1-0"]
[WhiteElo "2664"]
[BlackElo "2521"]

1.e4 c5 2.Nf3 d6 3.Bb5+ Nc6 4.O-O Bd7 5.Re1 Nf6 6.c3 a6 7.Bf1 Bg4 8.h3 Bxf3
9.Qxf3 g6 10.d3 Bg7 11.Be3 Nd7 12.Qd1 Qb6 13.Qc2 O-O 14.Nd2 Rac8 15.f4 e6
16.Nf3 d5 17.e5 f6 18.exf6 Nxf6 19.Qf2 Ne7 20.b4 d4 21.cxd4 cxb4 22.d5 Qd6
23.dxe6 Nfd5 24.Bd4 Nxf4 25.Bxg7 Kxg7 26.Re4 Nxe6 27.Rae1 Rf6 28.Qb2 Qc5+
29.Kh1 Qc3 30.Qxb4 Qxb4 31.Rxb4 b5 32.Rbe4 Rc6 33.Ne5 Rd6 34.Ng4 Rf5 35.Kg1 Rf6
36.Nxf6 Kxf6 37.Be2 Nd5 38.Rf1+ Kg7 39.Bg4 Nec7 40.Bf3 Rc6 41.Re5 Rd6 42.Re4 a5
43.Rd4 Kf6 44.Rxd5 Nxd5 45.Bxd5+ Ke5 46.Be4 b4 47.Rc1 Kd4 48.Kf2 Rb6 49.Rc4+ Ke5
50.Rc5+ Kd4 51.Rxa5 Kc3 52.Ke3 Kb2 53.Kd4  1-0

[Event "Chigorin Memorial"]
[Site "St Petersburg RUS"]
[Date "2012.11.01"]
[Round "6.144"]
[White "Kartsev,Evgeni"]
[Black "Kamnev,Alexander"]
[Result "1-0"]
[WhiteElo "2070"]
[BlackElo "1885"]

1.e4 c5 2.Nf3 d6 3.Bb5+ Bd7 4.a4 g6 5.Na3 Bg7 6.Nc4 a6 7.Bxd7+ Nxd7 8.a5 b5
9.axb6 Nxb6 10.Qe2 Nh6 11.O-O O-O 12.Ra3 f5 13.Ng5 Rf6 14.Nxb6 Qxb6 15.Qc4+ Kh8
16.Rb3 Qc6 17.d4 fxe4 18.d5 Qd7 19.Qxe4 Nf7 20.Ne6 Bh6 21.f4 Nd8 22.Rh3 Bg7
23.Ng5 h6 24.Bd2 Kg8 25.Ne6 Nxe6 26.dxe6 Qc8 27.f5 gxf5 28.Qd5 Rb8 29.Bc3 Qxe6
30.Qxe6+ Rxe6 31.Rg3 Rf6 32.Bxf6 exf6 33.b3 Kf7 34.c4 a5 35.Rxf5 Rb4 36.Rd5 Bf8
37.Rg4 Rxb3 38.Rd2 a4 39.Ra2 a3 40.Rg3 Rxg3 41.hxg3 d5 42.Rxa3 dxc4 43.Ra6 c3
44.Ra3 c2 45.Rc3 Bd6 46.Rxc2 Bxg3 47.Rxc5 Bh4 48.Kf1 Bg5 49.Ke2 Kg6 50.Kf3 Kf7
51.Rb5 Kg6 52.Ke4 Kf7 53.Kd5 Kg6 54.Ke6 Bh4 55.Rb4 Bg5 56.Rb8 Kg7 57.Kf5 Kf7
58.Rb7+ Ke8 59.Kg6 Kf8 60.Rf7+ Kg8 61.g3 h5 62.Rh7 h4 63.gxh4 Bf4 64.Rg7+ Kf8
65.Rf7+ Kg8 66.Rxf6 Bg3 67.h5 Bh4 68.Rf3  1-0

[Event "Chigorin Memorial"]
[Site "St Petersburg RUS"]
[Date "2012.11.01"]
[Round "6.11"]
[White "Bartel,Mat"]
[Black "Eliseev,U"]
[Result "1/2-1/2"]
[WhiteElo "2635"]
[BlackElo "2486"]

1.e4 c5 2.Nf3 d6 3.Bb5+ Nc6 4.O-O Bd7 5.Re1 Nf6 6.h3 a6 7.Bf1 e6 8.c3 Be7
9.d4 cxd4 10.cxd4 d5 11.e5 Ne4 12.Nbd2 Nxd2 13.Bxd2 Qb6 14.Bc3 O-O 15.Bd3 Rac8
16.Qb1 h6 17.Qd1 Bb4 18.Nh2 Bxc3 19.bxc3 Ne7 20.Rb1 Qc7 21.Ng4 Bb5 22.Bxb5 axb5
23.Re3 Nf5 24.Rf3 Ra8 25.Qb3 Rfc8 26.Qxb5 Rxa2 27.Qxb7 Ra3 28.Ne3 Nxe3 29.Qxc7 Rxc7
30.Rb8+ Kh7 31.fxe3 Raxc3 32.Rf8 Kg6 33.Rg8 Kh7 34.Rf8 Kg6 35.Rg8 Kh7 36.Rf8 Kg6  1/2-1/2

[Event "TCh-NOR Eliteserien 2012-13"]
[Site "Haraldsheim NOR"]
[Date "2012.11.02"]
[Round "1"]
[White "Haugli,P"]
[Black "Eriksen,M"]
[Result "1-0"]
[WhiteElo "2293"]
[BlackElo "2109"]

1.e4 c5 2.Nf3 d6 3.Bb5+ Bd7 4.Bxd7+ Qxd7 5.O-O Nc6 6.c3 Nf6 7.d4 Nxe4 8.d5 Ne5
9.Nxe5 dxe5 10.Re1 Nf6 11.c4 O-O-O 12.Nc3 e6 13.Bg5 h6 14.Bxf6 gxf6 15.Qf3 Bg7
16.Ne4 f5 17.dxe6 fxe6 18.Nxc5 Qe7 19.Qa3 b6 20.Qa6+ Kb8 21.Nb3 Qb7 22.Qb5 Rc8
23.Rac1 e4 24.Red1 Rhd8 25.c5 Bxb2 26.Rxd8 Rxd8 27.Rb1 Ka8 28.g3 e3 29.c6 exf2+
30.Kf1 Qg7 31.c7 Qxc7 32.Rxb2 f4 33.Kxf2 Rf8 34.Kg2 Qb7+ 35.Kg1 fxg3 36.hxg3 Qf3
37.Rg2 Qe3+ 38.Kh2  1-0

[Event "TCh-NOR Eliteserien 2012-13"]
[Site "Haraldsheim NOR"]
[Date "2012.11.02"]
[Round "5"]
[White "Andersen,AlfR"]
[Black "Nordahl,H"]
[Result "0-1"]
[WhiteElo "2205"]
[BlackElo "2340"]

1.e4 c5 2.Nf3 d6 3.Bb5+ Nd7 4.c3 Nf6 5.Qe2 a6 6.Ba4 e5 7.O-O Be7 8.d4 O-O
9.Bc2 Re8 10.b3 cxd4 11.cxd4 exd4 12.Bb2 Bf8 13.Bxd4 b5 14.Nbd2 Bb7 15.Rad1 Nxe4
16.Nxe4 f5 17.Nfg5 fxe4 18.Qh5 h6 19.Nf7 Qe7 20.Nxh6+ gxh6 21.f3 Qg5 22.Qh3 exf3
23.Rxf3 Bxf3 24.Qxf3 Bg7 25.Bf2 Be5 26.Qd5+ Kh8 27.Qd3 Nf6 28.h4 Qg7 29.Rf1 Ng4
30.Bg3 Bxg3 31.Qxg3 Ne3  0-1

[Event "TCh-NOR Eliteserien 2012-13"]
[Site "Haraldsheim NOR"]
[Date "2012.11.02"]
[Round "6"]
[White "Gudbrandsen,G"]
[Black "Eriksen,M"]
[Result "1-0"]
[WhiteElo "2231"]
[BlackElo "2109"]

1.e4 c5 2.Nf3 d6 3.Bb5+ Bd7 4.Bxd7+ Qxd7 5.c4 Nc6 6.d4 cxd4 7.Nxd4 g6 8.Nc3 Bg7
9.Nde2 Nf6 10.f3 O-O 11.O-O Rfd8 12.Bg5 e6 13.Qd2 Ne7 14.Rfd1 Ne8 15.Rac1 Rac8
16.b3 f6 17.Bf4 Nc6 18.Qe1 Qe7 19.Qf2 Rd7 20.Be3 b6 21.Nb5 Rcd8 22.Qg3 Kh8
23.Nf4 f5 24.exf5 gxf5 25.Nh5 Nf6 26.Nxg7 Qxg7 27.Rd2 Ne5 28.Qxg7+ Kxg7 29.Rcd1 Nf7
30.a4 e5 31.Bf2 e4 32.Bg3 Kg6 33.Nd4 Rc8 34.Ne6 exf3 35.gxf3 Nh5 36.Bxd6  1-0

[Event "12th Sautron Open"]
[Site "Sautron FRA"]
[Date "2012.11.02"]
[Round "8.2"]
[White "Riff,JN"]
[Black "Lagarde,Max"]
[Result "1/2-1/2"]
[WhiteElo "2473"]
[BlackElo "2501"]

1.e4 c5 2.Nf3 d6 3.Bb5+ Bd7 4.Bxd7+ Qxd7 5.c4 Nf6 6.Nc3 g6 7.O-O Bg7 8.d4 cxd4
9.Nxd4 O-O 10.f3 Rc8 11.b3 d5 12.exd5 Nxd5 13.Nxd5 e6 14.Bh6 exd5 15.Bxg7 Kxg7
16.Nb5 dxc4 17.Nd6 Rd8 18.Nxb7 Qxd1 19.Rfxd1 Rxd1+ 20.Rxd1 cxb3 21.axb3 Nc6
22.Rd7 Re8 23.Nd6 Re7 24.Rxe7 Nxe7 25.Kf2 Kf6  1/2-1/2

[Event "Vizag GM Open 2012"]
[Site "Visakhapatnam IND"]
[Date "2012.11.02"]
[Round "10.8"]
[White "Deepan,C"]
[Black "Nitin,S"]
[Result "1/2-1/2"]
[WhiteElo "2523"]
[BlackElo "2386"]

1.e4 c5 2.Nf3 d6 3.Bb5+ Nd7 4.c3 Nf6 5.Qe2 a6 6.Ba4 e5 7.O-O Be7 8.d4 O-O
9.d5 Ne8 10.b4 cxb4 11.cxb4 a5 12.bxa5 Nc5 13.Bc2 Qxa5  1/2-1/2

[Event "16th OIBM 2012"]
[Site "Bad Wiessee GER"]
[Date "2012.11.03"]
[Round "8.15"]
[White "Lupor,S"]
[Black "Hoffmann,Micha1"]
[Result "1/2-1/2"]
[WhiteElo "2293"]
[BlackElo "2474"]

1.e4 c5 2.Nf3 d6 3.Bb5+ Nd7 4.d4 Nf6 5.O-O cxd4 6.Qxd4 e5 7.Qd3 h6 8.c4 Be7
9.Nc3 O-O 10.Bxd7 Bxd7 11.Rd1 a6 12.c5 dxc5 13.Bxh6 Qc7 14.Bg5 Be6 15.Bxf6 Bxf6
16.Nd5 Bxd5 17.exd5 c4 18.Qd4 Rfd8 19.g4 g6 20.Rac1 Rac8 21.h4 b5 22.h5 gxh5
23.gxh5 Qd6 24.Nh4 Bxh4 25.Qxh4 Rc5 26.Rc3 Kh8 27.Rg3 Rg8 28.Rxg8+ Kxg8 29.Kh1 Kf8
30.h6 Rxd5 31.Rxd5 Qxd5+ 32.Kg1 Qd1+ 33.Kg2 Qd5+ 34.Kg1 Qd1+ 35.Kg2  1/2-1/2

[Event "FSFMA Nov 2012"]
[Site "Budapest HUN"]
[Date "2012.11.03"]
[Round "1.3"]
[White "Atnilov,Bo"]
[Black "Szalanczy,E"]
[Result "0-1"]
[WhiteElo "2118"]
[BlackElo "2237"]

1.e4 c5 2.Nf3 d6 3.Bb5+ Nd7 4.O-O a6 5.Bxd7+ Bxd7 6.e5 d5 7.d4 Bg4 8.c3 e6
9.dxc5 Bxf3 10.Qxf3 Bxc5 11.Nd2 Ne7 12.Nb3 Rc8 13.Bg5 h6 14.Qh5 Bb6 15.Kh1 Qd7
16.Bd2 Rc4 17.Rae1 Qa4 18.Be3 Rh4 19.Qf3 Qxa2 20.Bxb6 Qxb3 21.Bc5 Qc4 22.Ba3 Qf4
23.Qxf4 Rxf4 24.g3 Rc4 25.f4 g6 26.Kg2 h5 27.h3 Rg8 28.h4 Nf5 29.Kf3 Kd7
30.Rd1 Rgc8 31.Rh1 a5 32.Rd3 b5 33.Bd6 Re4 34.b4 Nxd6 35.exd6 axb4 36.cxb4 Rxb4
37.Ra1  0-1

[Event "TCh-CZE Extraliga 2012-13"]
[Site "Czech Republic CZE"]
[Date "2012.11.03"]
[Round "1.2"]
[White "Simacek,P"]
[Black "Jakubowski,K"]
[Result "1/2-1/2"]
[WhiteElo "2486"]
[BlackElo "2510"]

1.e4 c5 2.Nf3 d6 3.Bb5+ Bd7 4.Bxd7+ Nxd7 5.c4 g6 6.O-O Bg7 7.Nc3 Ngf6 8.d4 cxd4
9.Nxd4 O-O 10.b3 a6 11.Bb2 e6 12.Re1 Qa5 13.Qd2 Rfd8 14.Rad1 Rac8 15.h3 Nc5
16.Qe3 d5 17.cxd5 exd5 18.e5 Nfe4 19.f3 Nxc3 20.Bxc3 Qc7 21.e6 Re8 22.exf7+ Qxf7
23.Qd2 Ne6 24.Rxe6 Rxe6 25.Nxe6 Bxc3 26.Qxd5 Re8 27.Nc7 Re7 28.Qxf7+ Rxf7
29.Nd5 Be5 30.Kf2 h5 31.Ke3 Kg7 32.g4 hxg4 33.hxg4 g5 34.Ke4 Bb8 35.a4 Rf8
36.Rd4 Re8+ 37.Kd3 Rf8 38.Ke2 Rd8 39.Rb4 b5 40.Ne3 bxa4 41.bxa4 Bf4 42.Nf5+ Kf6
43.Rb6+ Ke5 44.Ne3 Kd4 45.Re6 Kc3 46.Nd1+ Kb3 47.Rxa6 Rd2+ 48.Ke1 Ra2 49.Ra8 Rh2
50.Rd8 Kc2 51.Rc8+ Kb3 52.Rd8 Kc2 53.Rc8+ Kb3 54.a5 Rh1+ 55.Ke2 Rh2+ 56.Ke1 Rh1+
57.Ke2 Rh2+ 58.Ke1  1/2-1/2

[Event "TCh-NOR Eliteserien 2012-13"]
[Site "Haraldsheim NOR"]
[Date "2012.11.03"]
[Round "2"]
[White "Grandelius,N"]
[Black "Andersen,AlfR"]
[Result "1-0"]
[WhiteElo "2593"]
[BlackElo "2205"]

1.e4 c5 2.Nf3 d6 3.Bb5+ Bd7 4.Bxd7+ Qxd7 5.O-O Nc6 6.Qe2 e5 7.c3 g6 8.b4 Bg7
9.Bb2 Nge7 10.d4 exd4 11.cxd4 Nxd4 12.Nxd4 cxd4 13.Qd2 O-O 14.Bxd4 Bxd4 15.Qxd4 Qe6
16.Nc3 Nc6 17.Qd2 Nxb4 18.Rab1 a5 19.a3 Na6 20.Nd5 Rab8 21.f4 f5 22.e5 Nc5
23.Nf6+ Rxf6 24.exf6 Qxf6 25.Qxa5 Qd4+ 26.Kh1 Ne4 27.Qb6 Qc5 28.Qb2 b5 29.Rbc1 Qa7
30.Rc2 Qf7 31.Rfc1 Re8 32.Qxb5 Kg7 33.Rc7 Re7 34.Qb7 Nc5 35.Rxe7 Nxb7 36.Rxf7+ Kxf7
37.Rc7+  1-0

[Event "TCh-AUT 2012-13"]
[Site "Hohenems AUT"]
[Date "2012.11.03"]
[Round "2.1"]
[White "Balogh,C"]
[Black "Babula,V"]
[Result "1/2-1/2"]
[WhiteElo "2641"]
[BlackElo "2585"]

1.e4 c5 2.Nf3 d6 3.Bb5+ Nd7 4.c3 Nf6 5.Qe2 a6 6.Ba4 b5 7.Bc2 e5 8.O-O Be7
9.d4 O-O 10.Rd1 Qc7 11.a4 Rb8 12.Na3 cxd4 13.cxd4 bxa4 14.Bxa4 exd4 15.Nxd4 Nc5
16.Bc2 Re8 17.f3 d5 18.e5 Bf8 19.Be3 Qxe5 20.Nc6 Qxb2 21.Nxb8 Qxb8 22.Qf2 Ne6
23.Ba4 Rd8 24.Rab1 Qe5 25.Nc2 Bd6 26.g3 Ng5 27.Kg2 Bh3+ 28.Kh1 Nfe4 29.fxe4 Qxe4+
30.Kg1 Nf3+ 31.Kh1 Ne5+ 32.Kg1 Nf3+ 33.Kh1 Ne5+ 34.Kg1 Qxa4 35.Rxd5 h6 36.Rbd1 Qe4
37.Rxd6 Rxd6 38.Rxd6 Nf3+ 39.Kh1 Ng5+ 40.Kg1 Nf3+ 41.Kh1 Nd4+ 42.Kg1 Nxc2
43.Bd2 a5 44.Bxa5 Qa4 45.Bc3 Qb3 46.Qf3 Qb8 47.Rd1 Qb6+ 48.Qf2 Ne3 49.Re1 Nd5
50.Qxb6 Nxb6  1/2-1/2

[Event "Chigorin Memorial"]
[Site "St Petersburg RUS"]
[Date "2012.11.03"]
[Round "8.81"]
[White "Lugovskoy,M"]
[Black "Syrchikov,A"]
[Result "1/2-1/2"]
[WhiteElo "2372"]
[BlackElo "2208"]

1.e4 c5 2.Nf3 d6 3.Bb5+ Nd7 4.d4 a6 5.Be2 cxd4 6.Nxd4 Ngf6 7.Nc3 g6 8.O-O Bg7
9.Be3 Nc5 10.f3 O-O 11.Nb3 Nfd7 12.Qd5 Qc7 13.Qd2 Nb6 14.Nd4 Ne6 15.Nb3 Bxc3
16.bxc3 Nc4 17.Bxc4 Qxc4 18.Rae1 Ng7 19.Bd4 e5 20.Be3 Be6 21.Bh6 Rad8 22.f4 f5
23.fxe5 dxe5 24.Qg5 Qc7 25.Nd2 Rf7 26.h4 Rdf8 27.Nf3 fxe4 28.Rxe4 Bd5 29.Re3 Bxf3
30.Bxg7 Kxg7 31.Rexf3 Rxf3 32.Rxf3 Rxf3 33.gxf3 Qxc3 34.Qe7+ Kh6 35.Qg5+ Kg7
36.Qe7+ Kh6 37.Qg5+ Kg7 38.Qe7+ Kh6 39.Qg5+ Kg7 40.Qe7+ Kh6  1/2-1/2